Теоретические основы химической технологии топлива и углеродных материалов: учебное пособие
| Hovedforfatter: | |
|---|---|
| Institution som forfatter: | |
| Andre forfattere: | , |
| Summary: | Заглавие с титульного экрана В пособии изложены теоретические разделы, касающиеся группового химического состава горючих ископаемых, методов их исследования и подготовки к переработке; технологии термических и термокаталитических процессов. Выделены важнейшие теоретические законы, лежащие в основе подготовки и переработки углеводородного сырья. Предназначено для студентов, обучающихся по направлению 240100 "Химическая технология", модуль "Химическая технология природных энергоносителей и углеродных материалов". Режим доступа: из корпоративной сети ТПУ |
| Sprog: | russisk |
| Udgivet: |
Томск, Изд-во ТПУ, 2012
|
| Fag: | |
| Online adgang: | http://www.lib.tpu.ru/fulltext2/m/2013/m082.pdf |
| Format: | Electronisk Bog |
| KOHA link: | https://koha.lib.tpu.ru/cgi-bin/koha/opac-detail.pl?biblionumber=235205 |
MARC
| LEADER | 00000nlm0a2200000 4500 | ||
|---|---|---|---|
| 001 | 235205 | ||
| 005 | 20231228112237.0 | ||
| 035 | |a (RuTPU)RU\TPU\book\256335 | ||
| 090 | |a 235205 | ||
| 100 | |a 20130405d2012 m y0rusy50 ca | ||
| 101 | 0 | |a rus | |
| 102 | |a RU | ||
| 105 | |a a j 001zy | ||
| 135 | |a drcn ---uucaa | ||
| 181 | 0 | |a i | |
| 182 | 0 | |a b | |
| 200 | 1 | |a Теоретические основы химической технологии топлива и углеродных материалов |e учебное пособие |f Е. Н. Ивашкина, А. И. Левашова, Е. М. Юрьев |g Национальный исследовательский Томский политехнический университет (ТПУ), Институт природных ресурсов (ИПР), Кафедра химической технологии топлива и химической кибернетики (ХТТ) | |
| 203 | |a Текст |c электронный | ||
| 210 | |a Томск |c Изд-во ТПУ |d 2012 | ||
| 300 | |a Заглавие с титульного экрана | ||
| 330 | |a В пособии изложены теоретические разделы, касающиеся группового химического состава горючих ископаемых, методов их исследования и подготовки к переработке; технологии термических и термокаталитических процессов. Выделены важнейшие теоретические законы, лежащие в основе подготовки и переработки углеводородного сырья. Предназначено для студентов, обучающихся по направлению 240100 "Химическая технология", модуль "Химическая технология природных энергоносителей и углеродных материалов". | ||
| 333 | |a Режим доступа: из корпоративной сети ТПУ | ||
| 337 | |a Adobe Reader | ||
| 452 | 1 | |0 (RuTPU)RU\TPU\book\261855 |t Теоретические основы химической технологии топлива и углеродных материалов |o учебное пособие |f Е. Н. Ивашкина, А. И. Левашова, Е. М. Юрьев |g Национальный исследовательский Томский политехнический университет (ТПУ) |c Томск |n Изд-во ТПУ |d 2012 |p 232 с. |a Ивашкина, Елена Николаевна | |
| 606 | 1 | |a Топливо |x Химическая переработка |2 stltpush |3 (RuTPU)RU\TPU\subj\33166 | |
| 610 | 1 | |a электронный ресурс | |
| 610 | 1 | |a труды учёных ТПУ | |
| 610 | 1 | |a учебные пособия | |
| 610 | 1 | |a горючие ископаемые | |
| 610 | 1 | |a переработка | |
| 610 | 1 | |a нефть | |
| 610 | 1 | |a газ | |
| 610 | 1 | |a нефтяные дисперсные системы | |
| 610 | 1 | |a нефтяные эмульсии | |
| 610 | 1 | |a адсорбция | |
| 610 | 1 | |a абсорбция | |
| 610 | 1 | |a экстракция | |
| 610 | 1 | |a кристаллизация | |
| 610 | 1 | |a перегонка | |
| 610 | 1 | |a деструктивные процессы | |
| 610 | 1 | |a термические процессы | |
| 610 | 1 | |a каталитические процессы | |
| 610 | 1 | |a синтез | |
| 610 | 1 | |a метанол | |
| 610 | 1 | |a углеводороды | |
| 675 | |a 662.7(075.8) |v 3 | ||
| 700 | 1 | |a Ивашкина |b Е. Н. |c химик-технолог |c доцент Томского политехнического университета, кандидат технических наук |f 1983- |g Елена Николаевна |3 (RuTPU)RU\TPU\pers\24965 | |
| 701 | 1 | |a Левашова |b А. И. |c химик-технолог |c доцент Томского политехнического университета, кандидат химических наук |f 1945- |g Альбина Ивановна |3 (RuTPU)RU\TPU\pers\30344 | |
| 701 | 1 | |a Юрьев |b Е. М. |c специалист в области нефтегазового дела |c доцент Томского политехнического университета, кандидат технических наук |f 1986- |g Егор Михайлович |3 (RuTPU)RU\TPU\pers\24964 |9 11118 | |
| 712 | 0 | 2 | |a Национальный исследовательский Томский политехнический университет (ТПУ) |b Институт природных ресурсов (ИПР) |b Кафедра химической технологии топлива и химической кибернетики (ХТТ) |3 (RuTPU)RU\TPU\col\18665 |
| 801 | 1 | |a RU |b 63413507 |c 20130405 | |
| 801 | 2 | |a RU |b 63413507 |c 20210322 |g RCR | |
| 856 | 4 | |u http://www.lib.tpu.ru/fulltext2/m/2013/m082.pdf | |
| 942 | |c CF | ||